01070nas a2200301 4500001001300000003000900013005001700022007000300039008003400042040005400076041000900130072000800139100001700147100001700164100001600181100001900197100001500216245008200231650001400313650002400327650001400351650002900365773014000394909004000534942001800574999001900592952015700611BR2018000833BR-BrBNA20231205131306.0ta230509b bl.|||p| |||| 00| 00por d aBR-BrBNAbporcBiblioteca Nacional de Agricultura a(Pt) aL021 aGIotto, F.M.1 aOsmari, M.P.1 aSalab, B.L.1 aMatos, L.F. de1 aDiaz, T.G.1 aSubproduto do biodiesel na alimentação de ruminantes: o caso da glicerina aRUMINANTE aNUTRIÇÃO ANIMAL aGLICERINA aDIGESTIBILIDADE APARENTE0 tArquivos de Ciências Veterinárias e Zoologia da Unipar (Brazil)xISSN 1415-8167 g(Oct-Dec 2015), v. 18(4) p. 253-257wBR2018000833 a202311bLúciac55dLúcia Elande 2AGRISn0cANA c254017d254017 002AGRIS4071a41918b41918cPeriódicos Agrícolash(Oct-Dec 2015), v. 18(4) p. 253-257l0r2023-11-29t01yCRePortaria Interministerial nº 164/94